000 00710nam a2200289Ia 4500
005 20260324135226.0
008 008 260324s9999 xx 000 0 eng d
020 _a9781410600806
037 _aEBOOK
040 _aCRL
040 _beng
040 _cCRL
041 _2eng
041 _aeng
084 _qCRL
100 _aRichard M. Perloff
_91199804
245 0 _aPersuading People To Have Safer Sex
245 0 _bApplications of Social Science To the Aids Crisis
260 _bTaylor and Francis
260 _c2000
365 _a
365 _b65.99
856 _uhttp://www.taylorfrancis.com/books/9781410600806
942 _cEBOOK
999 _c1800661
_d1800661